000 00620 a2200181 4500
010 _aENG-86091
020 _a8180380475
_c325.00
035 _aEN-69624
037 _bDBAD / PUB
082 _a340
100 _aSetalvad, Atul M.
245 1 _aIntroduction to law /
_cby Atul M.Setalvad
260 _aNew Delhi
_bLexisNexis Butterworths
_c2005
270 _a14th Floor, Vijaya Building, 17, Barakhamba Road,
_bNew Delhi
_cNew Delhi
_e110 001
_mcustomer.care@lexisnexis.co.in
_k011-23739614
300 _axi, 585p.
_c23 cm. (pbk)
490 _aLexisNexis student series
942 _adpl
_cEN
_2ddc
_h340
_mSET
999 _c4171
_d4171